000 01036nam a22003257a 4500
001 000597
003 DO-SdBPM
005 20241209105300.0
007 000597
008 161026b1995 sp a | 00| 0 spa d
020 _a842044782X
040 _aBPMSU
_bspa
_cBPMSU
082 4 _a823.91
_bD965s 1995
_222
100 1 _aDurrell, Gerald,
_d1925-1995.
240 _aThe donkey rustlers. Español.
_lEspañol
245 1 0 _aLos Secuestradores de burros /
_cGerald Durrell ; traducción de María Luisa Balseiro ; ilustraciones de Mabel Álvarez.
250 _a1a ed., 25a reimp.
260 _aMadrid :
_bGrupo Alfaguara,
_c1995
300 _a177 p. :
_bil- ;
_c19 cm.
490 0 _aInfantil juvenil ;
_aAzul,
_v46
500 _a
500 _a
500 _aDesde 12 años
590 _aInventariado, 2024/VM
650 4 _aCuentos juveniles ingleses
700 1 _aBalseiro, María Luisa,
_etraductora
700 1 _aÁlvarez, Mabel,
_eilustraciones
910 _aVMateo V. Control de calidad. BPMSU
942 _2ddc
_cBK
999 _c11680
_d11680